texas reznikoff - mitski lyrics - Statistics

General Stats
  • This quiz has been taken 84 times
  • The average score is 102 of 126
Answer Stats
Answer % Correct
a
100%
be
100%
i
100%
the
100%
you
100%
in
95%
it
95%
it's
95%
to
95%
is
93%
texas
93%
on
91%
state
91%
when
91%
your
91%
me
89%
take
89%
little
86%
out
86%
away
84%
beautiful
84%
far
84%
today
84%
want
84%
bed
82%
bit
82%
my
82%
socks
82%
wish
82%
and
80%
keep
80%
upstate
80%
what
80%
landlocked
77%
place
77%
that
77%
with
77%
you're
77%
could
75%
i've
75%
anywhere
73%
austin
73%
been
73%
breeze
73%
but
73%
from
73%
not
73%
about
70%
make
68%
nights
68%
still
68%
tell
68%
would
68%
escape
66%
there
66%
wanna
66%
water
66%
city
64%
home
64%
you'd
64%
see
61%
sense
61%
our
57%
wanted
57%
warm
55%
somehow
52%
shadows
50%
hearts
48%
lie
41%
black
39%
pools
34%
lawns
30%
tree
30%
No matching quizzes found
Score Distribution
Percent of People with Each Score
Percentile by Number Answered
Your Score History
You have not taken this quiz